An introduction to land law

This book, published at the time of the 800th anniversary of Magna Carta, considers a series of historical documents from Anglo-Saxon times onwards which sought to set out arrangements for the governance of England and later the UK as a whole

সংরক্ষণ করুন:
গ্রন্থ-পঞ্জীর বিবরন
প্রধান লেখক: Gardner, Simon
বিন্যাস: গ্রন্থ
ভাষা:Undetermined
প্রকাশিত: Oxford Hart Publishing 2015
বিষয়গুলি:
ট্যাগগুলো: ট্যাগ যুক্ত করুন
কোনো ট্যাগ নেই, প্রথমজন হিসাবে ট্যাগ করুন!
Thư viện lưu trữ: Trung tâm Học liệu Trường Đại học Cần Thơ
LEADER 00916nam a2200229Ia 4500
001 CTU_211660
008 210402s9999 xx 000 0 und d
020 |c 1834000 
082 |a 346.4202 
082 |b G226 
100 |a Gardner, Simon 
245 3 |a An introduction to land law 
245 0 |c Simon Gardner and Emily MacKenzie 
260 |a Oxford 
260 |b Hart Publishing 
260 |c 2015 
520 |a This book, published at the time of the 800th anniversary of Magna Carta, considers a series of historical documents from Anglo-Saxon times onwards which sought to set out arrangements for the governance of England and later the UK as a whole 
650 |a Land tenure,Sở hữu đất đai 
650 |x Law and legislation,Luật và pháp luật 
650 |z Great Britain,Vương quốc Anh 
904 |i Bằng 
980 |a Trung tâm Học liệu Trường Đại học Cần Thơ